Quizzes
Events
Quiz Creation
Community
Videos
Private Events
Remove Ads
Sign In
Join for FREE
Feedback
Dark Mode
Quiz Categories
Sports
Geography
Music
Movies
Television
Just For Fun
Miscellaneous
History
Literature
Language
Science
Gaming
Entertainment
Religion
Holiday
For Kids
Quiz Lab
Recent
Popular Today
Quiz Kudos Today
Editor Picks
Curator Picks
Quizzes by...
Day
Popularity
Type
Ratings
Length
Year
Community
Subscriptions
Recent Discussions
Orange Saloon
Badges
Playlists
Quests
Create
Leaderboards
Showdown
Live 5
Trivia Bingo
Activity
Puzzle Library
Sporcle Events
Private Events
Virtual Trivia
Globe League
Become a Host
Pub Owners
SporcleCon
Opinionation
Our Games
Videos
Blog
Mobile Apps
Partnerships
Remove Ads and Go Orange
Feedback
Sports
Athletes
MLB
NBA
NHL
NFL
Soccer
Sports Teams
WWE
NCAA
Football
Premier League
Basketball
Baseball
Hockey
Golf
Tennis
Cricket
Rugby
Auto Racing
Olympics
World Cup
Sports
Athletes
MLB
NBA
NHL
NFL
Soccer
Sports Teams
WWE
NCAA
Football
Premier League
Basketball
Baseball
Hockey
Golf
Tennis
Cricket
Rugby
Auto Racing
Olympics
World Cup
Random Quiz
Search Sporcle
×
Quiz Lab
Quiz Lab
Sports
NCAA
Type in answers that appear in a list
Type in answers that appear in a list
Classic
Best Score? Go Orange.
NCAA Scramble II Stats
Can you name the NCAA Scramble?
By
mason88
3m
24 Questions
43 Plays
43 Plays
43 Plays
Comments
Comments
Give Quiz Kudos
Give Quiz Kudos
-
- Ratings
hide this ad
More Info
Replay
Link that replays current quiz
Next Quiz
Link to next quiz in quiz playlist
You Got
0%
They Got
Avg Score
75%
Avg Friend Score
Upgrade to see
Score Distribution
Jump to the score distribution portion of the page
Score
0/24
Timer
03:00
0
Plays Today
Scrambled Name
Team
% Correct
XTESA
TEXAS
100%
GONREO
OREGON
100%
ONAGZGA
GONZAGA
93%
ZIAANOR
ARIZONA
93%
NSTAEMINO
MINNESOTA
90.7%
IGHIMACN
MICHIGAN
90.7%
GRIAOEG EHCT
GEORGIA TECH
90.7%
RASNAAKS
ARKANSAS
88.4%
ADVHRAR
HARVARD
88.4%
TOOBNS LELGOCE
BOSTON COLLEGE
86%
HOOMALAK
OKLAHOMA
86%
ELOTOD
TOLEDO
79.1%
Scrambled Name
Team
% Correct
SVLIOIELLU
LOUISVILLE
79.1%
ANTYDO
DAYTON
76.7%
IEMAN
MAINE
76.7%
MYIGWON
WYOMING
72.1%
FICACPI
PACIFIC
72.1%
DKALNOA
OAKLAND
62.8%
MEOTBNL
BELMONT
60.5%
CIEEDORVIPN
PROVIDENCE
60.5%
PWITRNHO
WINTHROP
44.2%
TIGEROHCN
CREIGHTON
44.2%
PTHONMA
HAMPTON
41.9%
DONOWGLO
LONGWOOD
25.6%
Quiz Playlist
Details
Report
Send in Message
Add To Playlist
More Info:
Can you the scrambled teams...AGAIN!
Classic:
Type in answers that appear in a list
Quiz Source
Last Updated: Feb 16, 2017
Quiz Scoreboard
CHALLENGE
Sign Up to Join the Scoreboard
Show All
Scores
Hide
Comments
May contain spoilers
Recently Published
College Basketball Coaching Resumes
by pancakes188
Sports
9m
Billboard Blitz: Fleetwood Mac
by CooCooCachoo
Music
15s
Presidents Visiting Landmarks
by Hejman
History
7m
More to Explore
Quiz From the Vault
Featured Blog Post
Where Did the Easter Bunny Come From?
hide this ad
You Might Also Like...
Tags
NCAA Quiz
scramble
Today's Top Quizzes in Sports
Browse Sports
hide this ad
Today's Top Quizzes in NCAA
Browse NCAA
Top Contributed Quizzes in Sports
1
2022 World Cup Stars
2
Les meilleurs buteurs des matchs entre le PSG et l’OM
3
FIFA Club World Cup Champions
4
Les entraîneurs de l'OM et du PSG au 21e siècle
5
Criteria MLB: Left Handed Sluggers
6
AFC Teams Reveal (Wrong Answers Minefield)
7
2023 MLB Unique Player Accomplishments
8
Players with Multiple 50 Home Run Seasons
9
5-to-1: FBS Animal Nicknames
10
5-to-1: UK Sports Teams
Explore More
Trending Topics
Anime
Crossword
NBA
Harry Potter
Kpop
Disney
Marvel
Pokémon
The Office
WWE
Puzzle
Soccer
Country
NFL
Song
hide this ad
More By:
mason88
Quiz
Plays
Rating
Category
Featured
Created
2000s Lyric Match
271,714
3.97
Music
Jul 1, 2012
50 States by NCAA Logos
237,939
4.58
Sports
Jul 21, 2013
2-Time NBA MVP Winners
235,691
4.34
Sports
Apr 10, 2013
Artist by First #1 Hit
232,858
4.46
Music
Jun 12, 2013
30 Famous Movie Taglines
182,238
4.43
Movies
Mar 26, 2013
Go to Creator's Profile
Score Distribution
Quiz Creator Spotlight
mason88
Follow
Send a Message
Quizzes Created
-
Created Quiz Play Count
-
More By This Creator
Popular Quizzes Today
1
Find the US States - No Outlines Minefield
2
Find the Countries of Europe - No Outlines Minefield
3
The Countries of the World
4
Find the US States
5
Risky Map Clicking: Biggest States A-Z
6
US States
7
Popular People in 1961
8
Movies - When Are They Set?
More Sports Quizzes
Soccer Players Through the Decades
Published
Trending Quizzes
Risky Map Clicking: Least Populous States A-Z
1-10 Letter G Words
1-10 Letter F Words
Risky Map Clicking: Next State Alphabetically
Risky Map Clicking: Biggest States A-Z
Recently Updated
Leaping Animals
pecheneg
Reality TV Shows (A-Z)
bhenderson79
Rickey Henderson's Hall of Fame Teammates
pecheneg
Champions League XIs: Arsenal
pecheneg
Quick Pick: Celebrities in WWE's Hall of Fame
aduchscher
A-Z Keypad Blitz II
pecheneg
Multiple Oscar Actors
pecheneg
Mystery Phrase Blitz: Oscar 'Best Actors'
pecheneg
F. Scott Fitzgerald Novels
LTH
Pick 3 Villains
ddd62291
Trending Topics
Disney
Kpop
Harry Potter
Crossword
Anime
Marvel
NBA
The Office
Puzzle
Soccer
Country
Song
Pokémon
NFL
WWE
Your Account Isn't Verified!
In order to create a playlist on Sporcle, you need to verify the email address you used during registration. Go to your
Sporcle Settings
to finish the process.
Report this User
Report this user for behavior that violates our
Community Guidelines
.
Details:
Send Report
Go to the Sporcle.com Mobile Site →
Comments